000 00500nam a2200181Ia 4500
003 GCL
008 140319s9999 xx 000 0 ara d
040 _aGCL /
_cGCL
082 0 4 _a951.04
_bا ت
100 1 _aذوقان قرقوط
245 1 0 _aالثورة الثقافية الصينية /
_cذوقان قرقوط
700 1 _aاسمية، جاك
300 _a258 ص
490 _aكتب مختارة
_v0
650 0 4 _aالتاريخ
650 0 4 _aالصين - تاريخ
942 _2ddc
_cBK
999 _c40744
_d40744